La receta del día : una selección de las recetas de cocina transmitidas por Radio Metrópoli, Notisistema /

Las receta están organizadas en los siguientes tipos de platillos: I. Verduras, ensaladas y aderezos; II. Sopas y pastas; III. Carnes; IV. Pollos; V. Pescados y mariscos; VI. Bebidas; VII. Postres.

I tiakina i:
Ngā taipitopito rārangi puna kōrero
Kaituhi matua: González Martínez, Ana María (autor)
Ētahi atu kaituhi: García Elías, Jaime (prólogo) (prólogo)
Hōputu: Pukapuka
Reo:Pāniora
I whakaputaina: Guadalajara, México : Notisistema, 1991, c1991
Ngā marau:
Ngā Tūtohu: Tāpirihia he Tūtohu
Kāore He Tūtohu, Me noho koe te mea tuatahi ki te tūtohu i tēnei pūkete!

MARC

LEADER 00000nam^a2200000^a^4500
001 000186934
005 20250521000000.0
009 20260310102243.908
037 |a Acervo ITESO - Biblioteca 
041 |a ESP 
082 |a 641. 50972  |b GON V. 1 
100 |a González Martínez, Ana María  |e (autor) 
240 1 4 |a [La receta del día] 
245 1 3 |a La receta del día :  |b una selección de las recetas de cocina transmitidas por Radio Metrópoli, Notisistema /  |c A.M. González Martínez ; pról. de J. García Elías. 
264 4 |a Guadalajara, México :  |b Notisistema,  |c 1991, c1991 
300 |a 256 p. 
336 |a texto  |b txt  |2 rdacontenido 
337 |a sin mediación  |b n  |2 rdamedio 
338 |a volumen  |b nc  |2 rdasoporte 
520 |a Las receta están organizadas en los siguientes tipos de platillos: I. Verduras, ensaladas y aderezos; II. Sopas y pastas; III. Carnes; IV. Pollos; V. Pescados y mariscos; VI. Bebidas; VII. Postres. 
561 |a Obra autografiada por Ana Mara González Martínez para Lourdes, fechada en julio de 1998 
649 |a XX 
650 |a Recetas -  |z Jalisco 
650 |a Recetarios -  |z México 
650 |a Cocina Jalisciense -  |x Recetarios -  |x Tema Principal 
650 |a Cocina Mexicana -  |x Recetarios -  |x Tema Principal 
650 |a Gastronomía -  |z Jalisco 
650 |a Gastronomía -  |z México 
700 |a García Elías, Jaime  |e (prólogo) 
910 |a Fondo General 
920 |a Impresos - Libros 
930 |a Colección General 
905 |a 101 
901 |a 0500128854  |b IT1  |c ACC  |u 20250521 
902 |a https://opac.biblio.iteso.mx/vufind/Record/000186934